[Event "GER-ch Seniors 23rd"]
[Site "Halle"]
[Date "2011.08.12"]
[Round "8"]
[White "Miessner, Rolf"]
[Black "Minte, Horst"]
[Result "0-1"]
[WhiteElo "1782"]
[BlackElo "1949"]
[PlyCount "56"]
[EventDate "2011.08.05"]
[EventType "swiss"]
[EventRounds "9"]
[EventCountry "GER"]
[SourceTitle "CBM 144 Extra"]
[Source "ChessBase"]
[SourceDate "2011.10.28"]
[SourceVersion "1"]
[SourceVersionDate "2011.10.28"]
[SourceQuality "1"]

1. e4 c6 2. d4 d5 3. Nc3 dxe4 4. Nxe4 Nd7 5. Nf3 Ngf6 6. Ng3 e6 7. Bc4 Qc7 8. 0-0 Bd6 9. Re1 0-0 10. Re2 b5 11. Bd3 Re8 12. Ne4 Nxe4 13. Rxe4 e5 14. dxe5 Nxe5 15. Nxe5 Rxe5 16. Rxe5 Bxe5 17. g3 Bb7 18. Qh5 g6 19. Qe2 h5 20. c3 Rd8 21. Be3 a6 22. Rd1 c5 23. Bc2 Re8 24. Rf1 Qc6 25. f3 Qc7 26. Qf2 Bd6 27. Bd1 c4 28. Bc2 Rxe3 0-1

[Event "GER-ch Seniors 23rd"]
[Site "Halle"]
[Date "2011.08.09"]
[Round "5"]
[White "Just, Gabriele"]
[Black "Miessner, Rolf"]
[Result "1/2-1/2"]
[WhiteElo "1924"]
[BlackElo "1782"]
[PlyCount "47"]
[EventDate "2011.08.05"]
[EventType "swiss"]
[EventRounds "9"]
[EventCountry "GER"]
[SourceTitle "CBM 144 Extra"]
[Source "ChessBase"]
[SourceDate "2011.10.28"]
[SourceVersion "1"]
[SourceVersionDate "2011.10.28"]
[SourceQuality "1"]

1. d4 c6 2. Nf3 d5 3. Bf4 Nf6 4. Nbd2 Nbd7 5. e3 e6 6. Bd3 Be7 7. 0-0 0-0 8. Ne5 Nxe5 9. Bxe5 Nd7 10. Qh5 g6 11. Qh3 f5 12. f4 c5 13. c3 b6 14. g4 Nf6 15. Bxf6 Bxf6 16. Be2 Bb7 17. Rf2 Rc8 18. Rg2 Rc7 19. Nf3 Rg7 20. Kh1 Qc8 21. Rag1 Ba6 22. Bxa6 Qxa6 23. gxf5 exf5 24. a3 1/2-1/2

[Event "GER-ch Seniors-A 20th"]
[Site "Erfurt"]
[Date "2008.08.13"]
[Round "9"]
[White "Miessner, Rolf"]
[Black "Buss, Richard"]
[Result "1-0"]
[WhiteElo "1588"]
[BlackElo "1360"]
[PlyCount "109"]
[EventDate "2008.08.05"]
[EventType "swiss"]
[EventRounds "9"]
[EventCountry "GER"]
[SourceTitle "CBM 126 Extra"]
[Source "ChessBase"]
[SourceDate "2008.11.05"]
[SourceVersion "1"]
[SourceVersionDate "2008.11.05"]
[SourceQuality "1"]

1. e4 g6 2. d4 Bg7 3. Nc3 d6 4. Be3 Nf6 5. Be2 0-0 6. Nf3 Re8 7. Qd2 c6 8. h3 Nbd7 9. 0-0 b5 10. b4 a6 11. Rad1 Qc7 12. Bf4 e5 13. dxe5 dxe5 14. Be3 Bb7 15. Ne1 Rad8 16. Qc1 Nf8 17. Nd3 Ne6 18. Nc5 Nxc5 19. Bxc5 Rxd1 20. Rxd1 Rd8 21. Bf3 Rxd1+ 22. Qxd1 Qd7 23. Qd6 Qxd6 24. Bxd6 Nd7 25. Bg4 Nb6 26. Be2 h5 27. h4 Bc8 28. Bc7 Nd7 29. a4 Nf8 30. axb5 axb5 31. g3 Ne6 32. Bb6 Bf8 33. Na2 Bd6 34. c3 Bc7 35. Be3 Ba6 36. Nc1 Nf8 37. Nd3 Nd7 38. Kg2 f6 39. f4 exf4 40. gxf4 Kf7 41. Bf3 Bb7 42. Bd4 Bb6 43. e5 Bxd4 44. cxd4 fxe5 45. Nxe5+ Nxe5 46. dxe5 Ke6 47. Be4 Kf7 48. Kf2 Kg7 49. Ke3 Kf7 50. Kd4 c5+ 51. bxc5 Bxe4 52. Kxe4 b4 53. Kd3 Ke6 54. Kc4 Ke7 55. Kxb4 1-0

[Event "GER-ch Seniors-A 20th"]
[Site "Erfurt"]
[Date "2008.08.10"]
[Round "6"]
[White "Kienel, Norbert"]
[Black "Miessner, Rolf"]
[Result "1-0"]
[WhiteElo "1644"]
[BlackElo "1588"]
[PlyCount "63"]
[EventDate "2008.08.05"]
[EventType "swiss"]
[EventRounds "9"]
[EventCountry "GER"]
[SourceTitle "CBM 126 Extra"]
[Source "ChessBase"]
[SourceDate "2008.11.05"]
[SourceVersion "1"]
[SourceVersionDate "2008.11.05"]
[SourceQuality "1"]

1. d4 Nf6 2. c4 e6 3. Nc3 d5 4. e3 Nbd7 5. Nf3 Be7 6. Bd3 0-0 7. 0-0 dxc4 8. Bxc4 Nb6 9. Bd3 Nbd5 10. e4 Nxc3 11. bxc3 c6 12. Qc2 h6 13. Rb1 Nd7 14. Be3 b6 15. Qd2 g5 16. e5 Bb7 17. h3 c5 18. Nh2 cxd4 19. cxd4 f5 20. f4 gxf4 21. Bxf4 Bg5 22. Bc4 Re8 23. Bxg5 Qxg5 24. Qxg5+ hxg5 25. Rxf5 Nf8 26. Rxg5+ Kh8 27. Rf1 Re7 28. Ng4 Rc8 29. Rh5+ Kg7 30. Bd3 Bd5 31. Rg5+ Kh8 32. Nf6 1-0

[Event "GER-ch Seniors-A 20th"]
[Site "Erfurt"]
[Date "2008.08.09"]
[Round "5"]
[White "Loose, Helmut"]
[Black "Miessner, Rolf"]
[Result "1-0"]
[WhiteElo "1641"]
[BlackElo "1588"]
[PlyCount "59"]
[EventDate "2008.08.05"]
[EventType "swiss"]
[EventRounds "9"]
[EventCountry "GER"]
[SourceTitle "CBM 126 Extra"]
[Source "ChessBase"]
[SourceDate "2008.11.05"]
[SourceVersion "1"]
[SourceVersionDate "2008.11.05"]
[SourceQuality "1"]

1. e4 e5 2. Nf3 Nf6 3. d4 d5 4. Nxe5 Nxe4 5. Bd3 Be7 6. 0-0 0-0 7. c4 c6 8. Re1 Nf6 9. c5 Re8 10. Nc3 Nbd7 11. b4 Nxe5 12. dxe5 Nd7 13. Qc2 Nf8 14. Bb2 Bg5 15. Ne2 Ng6 16. g3 Bh3 17. f4 Bh6 18. Nd4 Kh8 19. Bf5 Bxf5 20. Nxf5 Bxf4 21. Nd6 Re7 22. gxf4 Nxf4 23. Qf5 Ng6 24. Re3 Qg8 25. Rf1 Rf8 26. Rfe1 Rd8 27. e6 fxe6 28. Rxe6 Rxd6 29. cxd6 Rf7 30. Qg4 1-0

[Event "GER-ch Seniors-A 20th"]
[Site "Erfurt"]
[Date "2008.08.06"]
[Round "2"]
[White "Miessner, Rolf"]
[Black "Gebuhr, Guenter"]
[Result "0-1"]
[WhiteElo "1588"]
[BlackElo "1760"]
[PlyCount "102"]
[EventDate "2008.08.05"]
[EventType "swiss"]
[EventRounds "9"]
[EventCountry "GER"]
[SourceTitle "CBM 126 Extra"]
[Source "ChessBase"]
[SourceDate "2008.11.05"]
[SourceVersion "1"]
[SourceVersionDate "2008.11.05"]
[SourceQuality "1"]

1. e4 c5 2. c3 Nf6 3. e5 Nd5 4. Nf3 Nc6 5. d4 cxd4 6. cxd4 e6 7. Nc3 Nxc3 8. bxc3 d6 9. Bf4 Be7 10. exd6 Bxd6 11. Bxd6 Qxd6 12. Be2 0-0 13. 0-0 b6 14. Re1 Bb7 15. Bd3 h6 16. Rc1 Rfd8 17. Qe2 Ne7 18. Ne5 Nc6 19. Nxc6 Qxc6 20. Be4 Qxe4 21. Qxe4 Bxe4 22. Rxe4 Rac8 23. f4 Rc4 24. Kf2 Rdc8 25. Re2 Rxd4 26. cxd4 Rxc1 27. Rd2 Kf8 28. Ke2 Ke7 29. d5 exd5 30. Rxd5 Rc2+ 31. Kf3 Rxa2 32. h4 a6 33. g4 f6 34. g5 hxg5 35. hxg5 Ke6 36. Rd8 fxg5 37. fxg5 g6 38. Rf8 Ra3+ 39. Kf4 Ra4+ 40. Kg3 a5 41. Rf6+ Ke7 42. Rxg6 b5 43. Rb6 Rb4 44. g6 a4 45. Rb7+ Kf8 46. Ra7 Rc4 47. Kf3 Rc6 48. Rb7 Rc5 49. Ke3 a3 50. Kd4 Rc4+ 51. Kd3 a2 0-1

[Event "Bad Woerishofen Seniors op 24th"]
[Site "Bad Woerishofen"]
[Date "2008.03.03"]
[Round "5"]
[White "Miessner, Rolf"]
[Black "Scholz, Werner"]
[Result "1/2-1/2"]
[WhiteElo "1597"]
[BlackElo "1474"]
[PlyCount "45"]
[EventDate "2008.02.28"]
[EventType "swiss"]
[EventRounds "9"]
[EventCountry "GER"]
[SourceTitle "EXT 2022"]
[Source "ChessBase"]
[SourceDate "2021.10.06"]
[SourceVersion "1"]
[SourceVersionDate "2021.10.06"]
[SourceQuality "1"]

1. e4 c5 2. c3 e6 3. d4 cxd4 4. cxd4 Nf6 5. Nc3 Bb4 6. Bd3 Nc6 7. Nf3 0-0 8. 0-0 a6 9. e5 Ne8 10. d5 Ne7 11. dxe6 fxe6 12. Bg5 Qc7 13. Ne4 Nf5 14. Rc1 Qb6 15. a3 Be7 16. b4 Bxg5 17. Nfxg5 h6 18. Nf3 d6 19. exd6 Nexd6 20. Nc5 Qd8 21. Re1 Qf6 22. Rc2 b6 23. Ne4 1/2-1/2

[Event "Bad Woerishofen Seniors op 24th"]
[Site "Bad Woerishofen"]
[Date "2008.02.29"]
[Round "2"]
[White "Gudat, Alfons"]
[Black "Miessner, Rolf"]
[Result "1-0"]
[WhiteElo "1886"]
[BlackElo "1597"]
[PlyCount "139"]
[EventDate "2008.02.28"]
[EventType "swiss"]
[EventRounds "9"]
[EventCountry "GER"]
[SourceTitle "EXT 2022"]
[Source "ChessBase"]
[SourceDate "2021.10.06"]
[SourceVersion "1"]
[SourceVersionDate "2021.10.06"]
[SourceQuality "1"]

1. Nf3 d5 2. d4 Nf6 3. c4 e6 4. e3 c6 5. Nc3 Nbd7 6. Qc2 a6 7. c5 b5 8. cxb6 Nxb6 9. Bd3 Bb7 10. 0-0 Rc8 11. Qe2 Ra8 12. e4 dxe4 13. Nxe4 Nbd7 14. Ne5 Be7 15. Bf4 0-0 16. Rac1 Nxe5 17. Bxe5 Nxe4 18. Qxe4 g6 19. Rfd1 Qb6 20. Qf4 Rfc8 21. b3 Qd8 22. Qh6 Bf8 23. Qe3 Bg7 24. Bxg7 Kxg7 25. Be4 Rc7 26. Bf3 Rac8 27. h3 Rd7 28. Rc5 Rd6 29. h4 Rc7 30. h5 Rcd7 31. Qe5+ Kg8 32. h6 Qf8 33. Qe3 Qd8 34. g3 Qf6 35. Re5 Qd8 36. Bg4 Qf6 37. Re1 Re7 38. f4 Rd5 39. Bf3 Rxe5 40. dxe5 Qf5 41. Qd2 Kf8 42. Rd1 Qh3 43. Qd8+ Re8 44. Qg5 Qf5 45. Qxf5 gxf5 46. Rd7 Re7 47. Rd8+ Re8 48. Rxe8+ Kxe8 49. Kf2 Ke7 50. g4 fxg4 51. Be4 f6 52. exf6+ Kxf6 53. Kg3 e5 54. fxe5+ Kxe5 55. Bxh7 Bc8 56. Bd3 Kf6 57. h7 Kg7 58. Be2 Kxh7 59. Bxg4 Bb7 60. Kf4 Kg7 61. Ke5 a5 62. Kd6 Kf6 63. Kc7 Ba6 64. Kxc6 a4 65. b4 Bc4 66. a3 Ke5 67. b5 Kd4 68. b6 Ba6 69. Kc7 Kc3 70. Be2 1-0

[Event "Bad Woerishofen Seniors opA 23rd"]
[Site "Bad Woerishofen"]
[Date "2007.03.15"]
[Round "8"]
[White "Ganslmayer, Herbert"]
[Black "Miessner, Rolf"]
[Result "1/2-1/2"]
[WhiteElo "1711"]
[BlackElo "1624"]
[PlyCount "49"]
[EventDate "2007.03.08"]
[EventType "swiss"]
[EventRounds "9"]
[EventCountry "GER"]
[SourceTitle "EXT 2022"]
[Source "ChessBase"]
[SourceDate "2021.10.06"]
[SourceVersion "1"]
[SourceVersionDate "2021.10.06"]
[SourceQuality "1"]

1. d4 d5 2. e3 Bf5 3. f4 e6 4. Nf3 Nf6 5. Nbd2 Nbd7 6. Ne5 c5 7. c3 Be7 8. Ndf3 0-0 9. Be2 Ne4 10. 0-0 f6 11. Nxd7 Qxd7 12. Nh4 Bg6 13. Bh5 Bxh5 14. Qxh5 Qe8 15. Qe2 f5 16. Nf3 Bf6 17. Bd2 c4 18. Rad1 b5 19. a3 Rf7 20. Ne5 Bxe5 21. fxe5 g5 22. g4 Qd7 23. Qg2 h6 24. Kh1 Raf8 25. gxf5 1/2-1/2

[Event "Bad Woerishofen Seniors opA 23rd"]
[Site "Bad Woerishofen"]
[Date "2007.03.13"]
[Round "6"]
[White "Scheidt, Eugen"]
[Black "Miessner, Rolf"]
[Result "1/2-1/2"]
[WhiteElo "1756"]
[BlackElo "1624"]
[PlyCount "28"]
[EventDate "2007.03.08"]
[EventType "swiss"]
[EventRounds "9"]
[EventCountry "GER"]
[SourceTitle "EXT 2022"]
[Source "ChessBase"]
[SourceDate "2021.10.06"]
[SourceVersion "1"]
[SourceVersionDate "2021.10.06"]
[SourceQuality "1"]

1. e4 e5 2. Nf3 Nf6 3. Nxe5 d6 4. Nf3 Nxe4 5. d4 d5 6. Bd3 Be7 7. 0-0 0-0 8. Re1 Bf5 9. Bf4 Nd7 10. Nbd2 Ndf6 11. Nf1 h6 12. Ng3 Nxg3 13. Bxg3 Bxd3 14. Qxd3 c6 1/2-1/2

[Event "Bad Woerishofen Seniors opA 23rd"]
[Site "Bad Woerishofen"]
[Date "2007.03.11"]
[Round "4"]
[White "Hein, Manfred"]
[Black "Miessner, Rolf"]
[Result "1-0"]
[WhiteElo "2142"]
[BlackElo "1829"]
[PlyCount "61"]
[EventDate "2007.03.08"]
[EventType "swiss"]
[EventRounds "9"]
[EventCountry "GER"]
[SourceTitle "EXT 2008"]
[Source "ChessBase"]
[SourceDate "2007.11.25"]
[SourceVersion "1"]
[SourceVersionDate "2007.11.25"]
[SourceQuality "1"]

1. e4 e5 2. Nf3 Nf6 3. Nxe5 d6 4. Nf3 Nxe4 5. d4 d5 6. Bd3 Be7 7. Bf4 Nd7 8. Nbd2 f5 9. Ne5 Ndf6 10. f3 Nd6 11. h3 Nh5 12. Bh2 f4 13. Qe2 Bh4+ 14. Kd1 0-0 15. c3 Nf5 16. Nf1 c6 17. Qd2 Nfg3 18. Rg1 Bf5 19. Kc2 Qf6 20. Rd1 Rae8 21. Bxg3 fxg3 22. Ne3 Bg5 23. Bxf5 Qxf5+ 24. Nxf5 Bxd2 25. Nxg7 Kxg7 26. Kxd2 Re7 27. Nd3 Nf4 28. Nxf4 Rxf4 29. Rge1 Ref7 30. Re5 Kg6 31. Rde1 1-0

[Event "GER-ch Seniors 18th"]
[Site "Dresden"]
[Date "2006.07.28"]
[Round "7"]
[White "Becker, Guenter"]
[Black "Miessner, Rolf"]
[Result "1/2-1/2"]
[WhiteElo "1539"]
[BlackElo "1617"]
[PlyCount "62"]
[EventDate "2006.07.22"]
[EventType "swiss"]
[EventRounds "9"]
[EventCountry "GER"]
[SourceTitle "EXT 2022"]
[Source "ChessBase"]
[SourceDate "2021.10.06"]
[SourceVersion "1"]
[SourceVersionDate "2021.10.06"]
[SourceQuality "1"]

1. c4 Nf6 2. g3 g6 3. Bg2 Bg7 4. Nc3 c5 5. d3 0-0 6. e4 Nc6 7. Nge2 d6 8. 0-0 Nh5 9. h3 Nd4 10. g4 Nxe2+ 11. Nxe2 Nf6 12. f4 e6 13. Be3 Nd7 14. Rb1 Rb8 15. f5 g5 16. Ng3 h6 17. Nh5 e5 18. b4 b6 19. Qd2 f6 20. Ng3 Rf7 21. Ne2 Bb7 22. Nc3 a6 23. Rb3 Bc6 24. b5 axb5 25. Nxb5 Bxb5 26. Rxb5 Nf8 27. Rfb1 Ra7 28. R5b2 Nd7 29. Bf3 Ra3 30. Qc2 Rba8 31. Bc1 R3a6 1/2-1/2

[Event "Wch Seniors 15th"]
[Site "Lignano Sabbiadoro"]
[Date "2005.10.07"]
[Round "9"]
[White "Miessner, Rolf"]
[Black "Thonig, Manfred"]
[Result "1/2-1/2"]
[WhiteElo "1773"]
[BlackElo "1836"]
[PlyCount "85"]
[EventDate "2005.09.28"]
[EventType "swiss"]
[EventRounds "11"]
[EventCountry "ITA"]
[SourceTitle "CBM 108 Extra"]
[Source "ChessBase"]
[SourceDate "2005.11.04"]
[SourceVersion "1"]
[SourceVersionDate "2005.11.04"]
[SourceQuality "1"]

1. e4 g6 2. d4 Bg7 3. Nc3 b6 4. Be2 e6 5. Be3 d6 6. Qd2 Nd7 7. Nf3 Bb7 8. Ng5 h6 9. Nh3 Ngf6 10. f3 Qe7 11. Nf2 a6 12. 0-0-0 b5 13. d5 Ne5 14. b3 b4 15. Na4 exd5 16. f4 Ned7 17. Qxb4 Bc6 18. e5 Bxa4 19. Qxa4 dxe5 20. fxe5 Qxe5 21. Qd4 Qd6 22. Kb1 Nh5 23. Qa4 0-0 24. Bxh5 Nc5 25. Qa3 d4 26. Bc1 gxh5 27. Ne4 Nxe4 28. Qxd6 Nc3+ 29. Ka1 cxd6 30. Rdf1 a5 31. a4 Rfe8 32. Rf3 Ra7 33. Rhf1 Rb8 34. Kb2 Nxa4+ 35. Ka3 Nc3 36. Bd2 Ne4 37. Be1 d5 38. Rf5 Bf8+ 39. Ka2 Nc3+ 40. Bxc3 dxc3 41. R5f4 Re8 42. R1f2 Bb4 43. Rd4 1/2-1/2

[Event "Wch Seniors 15th"]
[Site "Lignano Sabbiadoro"]
[Date "2005.09.28"]
[Round "1"]
[White "Gaprindashvili, Nona"]
[Black "Miessner, Rolf"]
[Result "1-0"]
[WhiteElo "2318"]
[BlackElo "1773"]
[PlyCount "51"]
[EventDate "2005.09.28"]
[EventType "swiss"]
[EventRounds "11"]
[EventCountry "ITA"]
[SourceTitle "CBM 108 Extra"]
[Source "ChessBase"]
[SourceDate "2005.11.04"]
[SourceVersion "1"]
[SourceVersionDate "2005.11.04"]
[SourceQuality "1"]

1. d4 d5 2. c4 e6 3. Nf3 c6 4. Qb3 Nf6 5. Bf4 Nbd7 6. e3 Be7 7. h3 a6 8. c5 b5 9. Nbd2 Ne4 10. Nxe4 dxe4 11. Nd2 Nf6 12. Be5 Qd5 13. Qc2 Nd7 14. Bxg7 Rg8 15. Bh6 f5 16. g4 Bg5 17. Bxg5 Rxg5 18. Be2 Nf6 19. f4 exf3 20. Bxf3 Qd7 21. 0-0-0 Nd5 22. Rde1 Kd8 23. a3 Kc7 24. e4 Nf4 25. Nb3 a5 26. Qd2 1-0

[Event "Bad Woerishofen Seniors op 21st"]
[Site "Bad Woerishofen"]
[Date "2005.03.07"]
[Round "5"]
[White "Molez, Karl"]
[Black "Miessner, Rolf"]
[Result "1-0"]
[WhiteElo "1842"]
[BlackElo "1695"]
[PlyCount "83"]
[EventDate "2005.03.03"]
[EventType "swiss"]
[EventRounds "9"]
[EventCountry "GER"]
[SourceTitle "EXT 2006"]
[Source "ChessBase"]
[SourceDate "2005.11.24"]
[SourceVersion "1"]
[SourceVersionDate "2005.11.24"]
[SourceQuality "1"]

1. d4 Nf6 2. c4 e6 3. Nc3 d5 4. Nf3 Nbd7 5. e3 c6 6. Be2 Be7 7. 0-0 0-0 8. b3 Re8 9. Bb2 b6 10. Rc1 Bb7 11. cxd5 cxd5 12. Nb5 Rc8 13. Rc2 Rxc2 14. Qxc2 a6 15. Nc7 Qc8 16. Rc1 Rf8 17. Qd3 Qb8 18. Nxa6 Bxa6 19. Qxa6 Qa8 20. Qxa8 Rxa8 21. a4 Bb4 22. Bb5 Kf8 23. Rc7 Rd8 24. Kf1 Bd6 25. Rc2 Ne8 26. Ke2 f6 27. Bd3 g6 28. Rc6 Ke7 29. e4 Bb4 30. e5 Rb8 31. exf6+ Kxf6 32. h4 Ke7 33. Bc1 Bd6 34. h5 Nf8 35. Ne5 Bxe5 36. dxe5 gxh5 37. Bg5+ Kf7 38. Be3 Nd7 39. f4 Nc5 40. Bxh7 Nxb3 41. Rxb6 Rxb6 42. Bxb6 1-0

[Event "Bad Woerishofen Seniors op 21st"]
[Site "Bad Woerishofen"]
[Date "2005.03.05"]
[Round "3"]
[White "Malik, Rosemarie"]
[Black "Miessner, Rolf"]
[Result "0-1"]
[WhiteElo "1335"]
[BlackElo "1695"]
[PlyCount "91"]
[EventDate "2005.03.03"]
[EventType "swiss"]
[EventRounds "9"]
[EventCountry "GER"]
[SourceTitle "EXT 2006"]
[Source "ChessBase"]
[SourceDate "2005.11.24"]
[SourceVersion "1"]
[SourceVersionDate "2005.11.24"]
[SourceQuality "1"]

1. e4 Nf6 2. e5 Nd5 3. d4 d6 4. Nf3 Bg4 5. Be2 c6 6. Bd2 Bxf3 7. Bxf3 dxe5 8. dxe5 e6 9. 0-0 Qc7 10. Re1 Nd7 11. Bxd5 cxd5 12. f4 Rc8 13. Bc3 Bc5+ 14. Kh1 b5 15. Re2 0-0 16. b3 a5 17. a3 Ba7 18. Bb2 Qb7 19. Bd4 Rc6 20. Bxa7 Qxa7 21. Nd2 Qd4 22. Nf3 Qxf4 23. Qe1 a4 24. bxa4 bxa4 25. Rb1 Rc4 26. Rb4 Rfc8 27. Rxc4 Rxc4 28. Qa5 Qc1+ 29. Ng1 Qxa3 30. Qb5 Qe7 31. h3 Qd8 32. Rf2 Nxe5 33. Qb7 Nd7 34. Nf3 h6 35. Qa7 Qc7 36. Qa8+ Nb8 37. g4 Qg3 38. Rf1 Qxh3+ 39. Kg1 Rxg4+ 40. Kf2 Qg2+ 41. Ke1 Re4+ 42. Kd1 Qxf1+ 43. Kd2 Re2+ 44. Kc3 Qxf3+ 45. Kb2 Qf4 46. Qa6 0-1

[Event "Tiefenbach op"]
[Site "Tiefenbach"]
[Date "2005.01.18"]
[Round "6"]
[White "Schulz, Hermann"]
[Black "Miessner, Rolf"]
[Result "1/2-1/2"]
[WhiteElo "1901"]
[BlackElo "1765"]
[PlyCount "38"]
[EventDate "2005.01.??"]
[EventType "swiss"]
[EventRounds "9"]
[EventCountry "GER"]
[SourceTitle "EXT 2006"]
[Source "ChessBase"]
[SourceDate "2005.11.24"]
[SourceVersion "1"]
[SourceVersionDate "2005.11.24"]
[SourceQuality "1"]

1. e4 e5 2. Nf3 Nc6 3. Bb5 a6 4. Ba4 Nf6 5. 0-0 b5 6. Bb3 Be7 7. Re1 0-0 8. c3 Na5 9. Bc2 d6 10. h3 c5 11. d4 Nc6 12. d5 Nb8 13. Bg5 Nbd7 14. Nbd2 Ra7 15. Nf1 h6 16. Be3 Nh7 17. Ng3 Ng5 18. Nf5 Nxf3+ 19. Qxf3 Kh7 1/2-1/2

[Event "Tiefenbach op"]
[Site "Tiefenbach"]
[Date "2005.01.14"]
[Round "2"]
[White "Miessner, Rolf"]
[Black "Borries, Barbara"]
[Result "0-1"]
[WhiteElo "1765"]
[BlackElo "1975"]
[PlyCount "84"]
[EventDate "2005.01.??"]
[EventType "swiss"]
[EventRounds "9"]
[EventCountry "GER"]
[SourceTitle "EXT 2006"]
[Source "ChessBase"]
[SourceDate "2005.11.24"]
[SourceVersion "1"]
[SourceVersionDate "2005.11.24"]
[SourceQuality "1"]

1. e4 e6 2. d4 d5 3. Nd2 Nf6 4. e5 Nfd7 5. Bd3 c5 6. c3 cxd4 7. cxd4 Nc6 8. Ne2 Qb6 9. Nf3 Be7 10. 0-0 Nf8 11. a3 Ng6 12. b4 Bd7 13. Bb2 0-0 14. Rc1 Rac8 15. Rc2 Nb8 16. Rxc8 Rxc8 17. Qb1 Bb5 18. Rc1 Rxc1+ 19. Nxc1 Bxd3 20. Nxd3 Qc6 21. Qc1 h6 22. g3 b6 23. Nfe1 Qc4 24. Qc3 Nd7 25. f4 f5 26. Nc2 Kf8 27. Ne3 Qxc3 28. Bxc3 h5 29. h4 Nh8 30. a4 a6 31. a5 b5 32. Nc2 Ke8 33. Nc5 Bxc5 34. bxc5 Kd8 35. Nb4 Nb8 36. Kf2 Kc7 37. Ke2 Nf7 38. Kd3 Nd8 39. Nc2 Ndc6 40. Bb4 Nd8 41. Kc3 Nbc6 42. Ba3 Nxa5 0-1